00614nam a2200205Ia 450000500170000000800410001702000180005804000180007604100080009408200210010210000140012324500600013725000120019726000460020930000290025565000190028465100410030365100330034465100310037720230901102318.0210716s2009 xx 000 0 und d a9780230638976 cAIMIT LIBRARY aeng a368.32 21bRAMB aRaman, B. aSelling life insurance : bpractical way /cBy B Raman. a1st ed. aNew Delhi :bMacmillan India Ltd ,c2009. axii,131p. ;bPBc23.8 cm aInsurance(368) aWelcome to this wonderful profession aA full-time professional job aIntroduction and influence